000 00376nam a22001337a 4500
020 _a9780070400108
040 _cNust
082 _a620.0042
_bMAN
100 _aScott Mansfield
_9125705
245 _aEngineering design for process facilities
260 _aNew York:
_bMcGraw-Hill,
_c1993.
650 _aEngineering design for process facilities
_9125706
942 _2ddc
_cBK
999 _c611409
_d611409